Relationship between the admission results and the academic performance of the Bachelor of Science in Electrical Enginnering Students (Record no. 7544)
[ view plain ]
| 000 -LEADER | |
|---|---|
| fixed length control field | 01022nam a22002417a 4500 |
| 005 - DATE AND TIME OF LATEST TRANSACTION | |
| control field | 20230512222907.0 |
| 008 - FIXED-LENGTH DATA ELEMENTS--GENERAL INFORMATION | |
| fixed length control field | 190410t xxu||||| |||| 00| 0 eng d |
| 040 ## - CATALOGING SOURCE | |
| Transcribing agency | CSPC |
| 090 ## - LOCALLY ASSIGNED LC-TYPE CALL NUMBER (OCLC); LOCAL CALL NUMBER (RLIN) | |
| Classification number (OCLC) (R) ; Classification number, CALL (RLIN) (NR) | UTH BSEE D382r |
| 100 ## - MAIN ENTRY--PERSONAL NAME | |
| Personal name | Delmita Gladdy M., |
| Relator term | author |
| 245 00 - TITLE STATEMENT | |
| Title | Relationship between the admission results and the academic performance of the Bachelor of Science in Electrical Enginnering Students |
| Statement of responsibility, etc. | Gladdy M. Delmita, Ma. Theresa N. Duque, Hazel S.F. Secundo |
| 260 ## - PUBLICATION, DISTRIBUTION, ETC. | |
| Place of publication, distribution, etc. | Nabua, Camarines Sur : |
| Name of publisher, distributor, etc. | Camarines Sur Polythectic Colleges ; |
| Date of publication, distribution, etc. | 2009 |
| 300 ## - PHYSICAL DESCRIPTION | |
| Extent | 68 leaves |
| 502 ## - DISSERTATION NOTE | |
| Dissertation note | Undergraduate Thesis (BSEE) - Electrical Engineering |
| Name of granting institution | Camarines Sur Polytechnic Colleges, 2009. |
| 720 ## - ADDED ENTRY--UNCONTROLLED NAME | |
| Name | Pontillas, Virginia V., |
| Relator term | adviser. |
| 720 ## - ADDED ENTRY--UNCONTROLLED NAME | |
| Name | Barandon, Seth B. |
| Relator term | panelist, chair. |
| 720 ## - ADDED ENTRY--UNCONTROLLED NAME | |
| Name | Ibarrientos, Jose Ariel R., |
| Relator term | panelist. |
| 720 ## - ADDED ENTRY--UNCONTROLLED NAME | |
| Name | Cabaltera, Eddie L., |
| Relator term | panelist. |
| 720 ## - ADDED ENTRY--UNCONTROLLED NAME | |
| Name | Botor, Lloyd H., |
| Relator term | panelist. |
| 940 ## - EQUIVALENCE OR CROSS-REFERENCE--UNIFORM TITLE [OBSOLETE] [CAN/MARC only] | |
| Uniform title | <a href="jarell">jarell</a> |
| 942 ## - ADDED ENTRY ELEMENTS (KOHA) | |
| Koha item type | |
| -- | UTH BSEE D382r 2009 |
No items available.